| 000 | 00000nam##2200000za#4500 |
| 001 | 9.697565 |
| 003 | CaOODSP |
| 005 | 20210624235534 |
| 007 | cr ||||||||||| |
| 008 | 150407|2008||||xxc|||||o f|0| 0 eng|d |
| 040 | |aCaOODSP|beng |
| 043 | |an-cn--- |
| 086 | 1 |aH14-80/2008E-PDF |
| 110 | 1 |aCanada. |bHealth Canada. |
| 245 | 10|aAudit of the Healthy Environments and Consumer Safety Branch's quality assurance process related to recipient auditing : |h[electronic resource]|bfinal audit report / |c[by] Audit and Accountability Bureau. |
| 260 | |aOttawa - Ontario : |bHealth Canada |cApril 2008. |
| 300 | |a12p.|btable |
| 590 | |a13-10-Supp|b2013-04-13 |
| 690 | 07|aAudit|2gcpds |
| 690 | 07|aHealth care quality|2gcpds |
| 775 | 08|tVérification du processus d'assurance de la qualité en ce qui concerne la vérification des bénéficiaires de la Direction générale de santé environnementale et de la sécurité des consommateurs : |w(CaOODSP)9.641606 |
| 856 | 40|ahttp://publications.gc.ca|qPDF|s54 KB|uhttps://publications.gc.ca/collections/collection_2013/sc-hc/H14-80-2008-eng.pdf |